Quizzes
Events
Quiz Creation
Community
Videos
Private Events
Remove Ads
Sign In
Join for FREE
Feedback
Dark Mode
Quiz Categories
Sports
Geography
Music
Movies
Television
Just For Fun
Miscellaneous
History
Literature
Language
Science
Gaming
Entertainment
Religion
Holiday
For Kids
Quiz Lab
Recent
Popular Today
Quiz Kudos Today
Editor Picks
Curator Picks
Quizzes by...
Day
Popularity
Type
Ratings
Length
Year
Community
Subscriptions
Recent Discussions
Orange Saloon
Badges
Playlists
Quests
Create
Leaderboards
Showdown
Live 5
Trivia Bingo
Activity
Puzzle Library
Sporcle Events
Private Events
Virtual Trivia
Globe League
Become a Host
Pub Owners
SporcleCon
Opinionation
Our Games
Videos
Blog
Mobile Apps
Partnerships
Remove Ads and Go Orange
Feedback
Miscellaneous
Crossword
General Knowledge
Baby Names
Logo
Food
Cars
Numbers
Grab Bag
University
College
Popular
Company
Slogans
Restaurants
Justice
Letter
Miscellaneous
Crossword
General Knowledge
Baby Names
Logo
Food
Cars
Numbers
Grab Bag
University
College
Popular
Company
Slogans
Restaurants
Justice
Letter
Random Quiz
Search Sporcle
×
Quiz Lab
Quiz Lab
Miscellaneous
Restaurants
Type in answers that appear in a list
Type in answers that appear in a list
Classic
Best Score? Go Orange.
Canadian Fast Food Chains Stats
Can you name the top 20 chain restaurants in Canada?
By
segacs
5m
20 Questions
775 Plays
775 Plays
775 Plays
Comments
Comments
Give Quiz Kudos
Give Quiz Kudos
-
- Ratings
hide this ad
Replay
Link that replays current quiz
Next Quiz
Link to next quiz in quiz playlist
You Got
0%
They Got
Avg Score
53%
Avg Friend Score
Upgrade to see
Score Distribution
Jump to the score distribution portion of the page
Score
0/20
Timer
05:00
0
Plays Today
Restaurant
% Correct
McDonald's
95.5%
Tim Hortons
91.9%
Burger King
85.8%
Wendy's
82.2%
Subway
79.5%
Starbucks
68.3%
KFC
67.7%
Pizza Hut
64.4%
A&W
63%
Harvey's
61.4%
Restaurant
% Correct
Domino's Pizza
54.6%
Pizza Pizza
52.6%
Dairy Queen
46.7%
Swiss Chalet
38.8%
Boston Pizza
33.8%
St-Hubert
22.5%
Keg Steakhouse & Bar
19.4%
Montana's Cookhouse
18.3%
Moxie's Grill & Bar
10.7%
Earl's Kitchen + Bar
8.4%
Quiz Playlist
Details
Report
Send in Message
Add To Playlist
Classic:
Type in answers that appear in a list
Quiz Source
Last Updated: Jun 27, 2017
Quiz Scoreboard
CHALLENGE
Sign Up to Join the Scoreboard
Show All
Scores
Hide
Comments
May contain spoilers
Recently Published
Popular People in 1961
by mucciniale
History
6m
1-10 Letter E Words III
by El_Dandy
Language
2m
One Thing in Common: World Cities II
by knightlancer
Geography
7m
More to Explore
Quiz From the Vault
Featured Blog Post
Where Did the Easter Bunny Come From?
hide this ad
You Might Also Like...
Tags
Canada Quiz
Food Quiz
Restaurants Quiz
Canadian
Fast Food
Food and Drink
Today's Top Quizzes in Miscellaneous
Browse Miscellaneous
hide this ad
Today's Top Quizzes in Restaurants
Browse Restaurants
Top Contributed Quizzes in Miscellaneous
1
The JOE quick-fire general knowledge quiz: Day 173
2
The JOE quick-fire general knowledge quiz: Day 172
3
Sunday Crossword: Famous Bodies of Water
4
sort kpop groups by number of members
5
Named After an Animal - Odd One Out!
6
One Thing in Common: United Kingdom II
7
Lays Potato Chip Flavour Contest Finalists
8
The JOE quick-fire general knowledge quiz: Day 171
9
The JOE quick-fire quiz: Day 170
10
Parts Of A Small Engine
Explore More
Trending Topics
Crossword
Harry Potter
Marvel
Disney
Anime
NBA
Kpop
Soccer
Puzzle
WWE
Pokémon
NFL
Country
Song
The Office
hide this ad
More By:
segacs
Quiz
Plays
Rating
Category
Featured
Created
Criteria Characters: Les Misérables
204,679
4.00
Entertainment
Jul 23, 2014
2000s Movies: Multiple Choice Minefield
96,896
4.22
Movies
Mar 14, 2017
Women in Government
80,108
4.56
History
Oct 8, 2009
'80s Movies: Multiple Choice Minefield
72,859
4.12
Movies
Mar 14, 2017
'90s Movies: Multiple Choice Minefield
71,649
4.30
Movies
Mar 14, 2017
Go to Creator's Profile
Score Distribution
Quiz Creator Spotlight
segacs
Follow
Send a Message
Quizzes Created
-
Created Quiz Play Count
-
More By This Creator
Popular Quizzes Today
1
Find the US States - No Outlines Minefield
2
The Countries of the World
3
Popular People in 1961
4
Find the Countries of Europe - No Outlines Minefield
5
1-10 Letter E Words III
6
Find the US States
7
One Thing in Common: World Cities II
8
US States
More Miscellaneous Quizzes
Car Models 8-to-1
Published
Trending Quizzes
1-10 Letter F Words
One Thing in Common: Music
1-10 Letter G Words
Risky Map Clicking: Next State Alphabetically
1-10 Letter F Words II
Recently Updated
Leaping Animals
pecheneg
Reality TV Shows (A-Z)
bhenderson79
Rickey Henderson's Hall of Fame Teammates
pecheneg
Champions League XIs: Arsenal
pecheneg
Quick Pick: Celebrities in WWE's Hall of Fame
aduchscher
A-Z Keypad Blitz II
pecheneg
Multiple Oscar Actors
pecheneg
Mystery Phrase Blitz: Oscar 'Best Actors'
pecheneg
F. Scott Fitzgerald Novels
LTH
Pick 3 Villains
ddd62291
Trending Topics
Anime
Marvel
Harry Potter
NBA
Disney
Crossword
Kpop
Song
Country
Soccer
The Office
Puzzle
WWE
Pokémon
NFL
Your Account Isn't Verified!
In order to create a playlist on Sporcle, you need to verify the email address you used during registration. Go to your
Sporcle Settings
to finish the process.
Report this User
Report this user for behavior that violates our
Community Guidelines
.
Details:
Send Report
Go to the Sporcle.com Mobile Site →
Comments